[Event "Havana Occidental zt"]
[Site "Havana"]
[Date "2018.06.30"]
[Round "5"]
[White "Blanco Milet, Leandro"]
[Black "Rama Gonzalez, Ricardo"]
[Result "1/2-1/2"]
[WhiteElo "2037"]
[BlackElo "1997"]
[PlyCount "60"]
[EventDate "2018.06.28"]
[EventType "tourn"]
[EventRounds "9"]
[EventCountry "CUB"]
[SourceTitle "EXT 2021"]
[Source "ChessBase"]
[SourceDate "2020.10.23"]
[SourceVersion "1"]
[SourceVersionDate "2020.10.23"]
[SourceQuality "1"]

1. e4 Nf6 2. e5 Nd5 3. d4 Nb6 4. c4 d6 5. f4 dxe5 6. fxe5 Nc6 7. Be3 Bf5 8. Nc3 e6 9. Nf3 Qd7 10. Be2 0-0-0 11. 0-0 f6 12. exf6 gxf6 13. Qe1 Nb4 14. Rd1 Nc2 15. Qd2 Nxe3 16. Qxe3 h5 17. d5 Bh6 18. Qf2 Bc2 19. Rde1 e5 20. b3 Qf5 21. Bd1 Bd3 22. Be2 Bc2 23. Nh4 Qxf2+ 24. Rxf2 Bd2 25. Bg4+ hxg4 26. Rxd2 Bxb3 27. Ng6 Bxc4 28. Nxh8 Rxh8 29. a4 a5 30. Re4 Rg8 1/2-1/2

[Event "Capablanca Memorial op-B 45th"]
[Site "Havana"]
[Date "2011.05.17"]
[Round "6"]
[White "Rama Gonzalez, Ricardo"]
[Black "Gates, David"]
[Result "1-0"]
[WhiteElo "2076"]
[BlackElo "1706"]
[PlyCount "61"]
[EventDate "2011.05.11"]
[EventType "swiss"]
[EventRounds "7"]
[EventCountry "CUB"]
[SourceTitle "CBM 142 Extra"]
[Source "ChessBase"]
[SourceDate "2011.06.27"]
[SourceVersion "1"]
[SourceVersionDate "2011.06.27"]
[SourceQuality "1"]

1. e4 c6 2. d4 d5 3. Nc3 dxe4 4. Nxe4 Bf5 5. Qf3 Bxe4 6. Qxe4 Nf6 7. Qd3 e6 8. Nf3 Bd6 9. Be2 Nbd7 10. 0-0 Qc7 11. b3 h6 12. Bb2 Nd5 13. g3 h5 14. c4 N5f6 15. c5 Be7 16. Ne5 Nxe5 17. dxe5 Nd5 18. Qc4 h4 19. b4 hxg3 20. hxg3 0-0-0 21. Kg2 Bg5 22. Rh1 Bh6 23. a4 Ne7 24. b5 Rd2 25. Bc3 Rd7 26. b6 axb6 27. cxb6 Qxb6 28. a5 Qc7 29. a6 bxa6 30. Rxa6 Kd8 31. Ba5 1-0

[Event "Capablanca Memorial op-B 45th"]
[Site "Havana"]
[Date "2011.05.15"]
[Round "5"]
[White "Bravo Navarro, Wilson"]
[Black "Rama Gonzalez, Ricardo"]
[Result "1-0"]
[WhiteElo "1955"]
[BlackElo "2076"]
[PlyCount "85"]
[EventDate "2011.05.11"]
[EventType "swiss"]
[EventRounds "7"]
[EventCountry "CUB"]
[SourceTitle "CBM 142 Extra"]
[Source "ChessBase"]
[SourceDate "2011.06.27"]
[SourceVersion "1"]
[SourceVersionDate "2011.06.27"]
[SourceQuality "1"]

1. e4 Nf6 2. Nc3 d5 3. e5 d4 4. exf6 dxc3 5. bxc3 exf6 6. Bc4 Be7 7. Ne2 0-0 8. 0-0 Nc6 9. d4 Re8 10. Re1 a6 11. Nf4 Na5 12. Bd3 b5 13. a4 Bd7 14. Qh5 h6 15. Nd5 Bf8 16. Rxe8 Qxe8 17. Bxh6 Ra7 18. Bf4 f5 19. axb5 axb5 20. g4 Qa8 21. Bxf5 Bxf5 22. Qxf5 c6 23. Ne3 Nc4 24. Rxa7 Qxa7 25. Nxc4 bxc4 26. Qc8 Qe7 27. Bg3 Qe1+ 28. Kg2 Qe4+ 29. Kf1 Qd5 30. Ke2 f6 31. Qf5 Qh1 32. h4 Ba3 33. g5 fxg5 34. hxg5 Qh5+ 35. Kd2 Be7 36. Bf4 Ba3 37. Qc8+ Kh7 38. Qxc6 Qg4 39. Be3 Qg1 40. Qe4+ g6 41. Qb7+ Kg8 42. Qa8+ Bf8 43. Qa6 1-0

[Event "Capablanca Memorial op-B 45th"]
[Site "Havana"]
[Date "2011.05.13"]
[Round "3"]
[White "Rama Gonzalez, Ricardo"]
[Black "Garcia Matos, Richard Alejandro"]
[Result "0-1"]
[WhiteElo "2076"]
[BlackElo "2196"]
[PlyCount "84"]
[EventDate "2011.05.11"]
[EventType "swiss"]
[EventRounds "7"]
[EventCountry "CUB"]
[SourceTitle "CBM 142 Extra"]
[Source "ChessBase"]
[SourceDate "2011.06.27"]
[SourceVersion "1"]
[SourceVersionDate "2011.06.27"]
[SourceQuality "1"]

1. e4 c5 2. Nf3 d6 3. d4 Nf6 4. Nc3 cxd4 5. Nxd4 a6 6. Be2 g6 7. f4 Nbd7 8. 0-0 Bg7 9. Kh1 0-0 10. Be3 Re8 11. f5 b5 12. Qe1 Bb7 13. Qh4 b4 14. Nd5 Nxd5 15. exd5 Bxd5 16. fxg6 hxg6 17. Qh3 Nf6 18. Rad1 Qd7 19. Qh4 Qb7 20. Nf3 Rac8 21. Bd3 Nh7 22. Rf2 e5 23. Bxa6 Qxa6 24. Rxd5 Qxa2 25. Rxd6 Qxb2 26. Ng1 Nf8 27. Qe4 Re6 28. Rd1 Rec6 29. Qd5 R6c7 30. Rdf1 Rd7 31. Qb5 Rxc2 32. Rxc2 Qxc2 33. Qxb4 Rd1 34. Rxd1 Qxd1 35. Qe4 Ne6 36. h3 Nd4 37. Kh2 Nf5 38. Ba7 Qa1 39. Bb8 Qb2 40. Bc7 Qc3 41. Bb8 Qg3+ 42. Kh1 Qb3 0-1

[Event "Havana Province zt"]
[Site "Havana"]
[Date "2010.02.25"]
[Round "8"]
[White "Rama Gonzalez, Ricardo"]
[Black "Rodriguez Lobeto, Boris Ernesto"]
[Result "1/2-1/2"]
[WhiteElo "2096"]
[BlackElo "2083"]
[PlyCount "49"]
[EventDate "2010.02.20"]
[EventType "swiss"]
[EventRounds "9"]
[EventCountry "CUB"]
[SourceTitle "EXT 2011"]
[Source "ChessBase"]
[SourceDate "2010.11.26"]
[SourceVersion "1"]
[SourceVersionDate "2010.11.26"]
[SourceQuality "1"]

1. e4 e6 2. d4 d5 3. Nc3 Nf6 4. e5 Nfd7 5. f4 c5 6. Be3 Nc6 7. Nf3 Be7 8. Be2 0-0 9. 0-0 a6 10. a3 f5 11. Kh1 b5 12. Rg1 Kh8 13. g4 g6 14. gxf5 gxf5 15. Ng5 Bxg5 16. Rxg5 cxd4 17. Bxd4 Nxd4 18. Qxd4 Bb7 19. Rag1 Qb6 20. Qxb6 Nxb6 21. Rg7 Rab8 22. Bf3 Rg8 23. Rxg8+ Rxg8 24. Rxg8+ Kxg8 25. b3 1/2-1/2

[Event "Havana Municipal-ch 12th"]
[Site "Havana"]
[Date "2009.09.18"]
[Round "3"]
[White "Madrazo Ponciano, Yandiel"]
[Black "Rama Gonzalez, Ricardo"]
[Result "0-1"]
[WhiteElo "2153"]
[BlackElo "2094"]
[PlyCount "44"]
[EventDate "2009.09.15"]
[EventType "swiss"]
[EventRounds "11"]
[EventCountry "CUB"]
[EventCategory "1"]
[SourceTitle "EXT 2012"]
[Source "ChessBase"]
[SourceDate "2011.11.24"]
[SourceVersion "1"]
[SourceVersionDate "2011.11.24"]
[SourceQuality "1"]

1. e4 g6 2. d4 Bg7 3. Nc3 d6 4. Bc4 c6 5. Be3 Nf6 6. f3 b5 7. Bb3 a5 8. a4 b4 9. Nce2 Ba6 10. Nh3 h6 11. Qd2 Nbd7 12. g4 g5 13. Bxg5 hxg5 14. Bxf7+ Kxf7 15. Nxg5+ Kg8 16. Ne6 Qc8 17. Qg5 Rh7 18. N2f4 Nf8 19. Nxf8 Kxf8 20. e5 Bh6 21. Qg6 Bxf4 22. exf6 Qe6+ 0-1